Alegatos contra la infamia

Na minha lista:
Detalhes bibliográficos
Autor principal: Noboa Bejarano, Gustavo (autor)
Formato: Livro
Idioma:espanhol
Publicado em: Guayaquil Gustavo Noboa Bejarano 2004
Edição:1a. ed
Assuntos:
Tags: Adicionar Tag
Sem tags, seja o primeiro a adicionar uma tag!

MARC

LEADER 00000nam a2200000 a 4500
001 UCI2126
003 CL-VaPUC
008 070803e20040300EC |||||||||||||||||spa|d
020 |a 9978434178 
082 0 4 |a 346.8644  |b NOB  |2 21 
100 |a Noboa Bejarano, Gustavo  |e autor  |9 566708 
245 1 0 |a Alegatos contra la infamia 
250 |a 1a. ed 
300 |a 328 p 
942 |c BK 
945 |d 20070803 00:00:00  |a jtorresc 
260 |a Guayaquil  |b Gustavo Noboa Bejarano  |c 2004 
650 0 |a Derecho civil  |9 255013 
650 7 |a PROCEDIMIENTO JURIDICO  |2 CL-VaPUC  |9 394406 
650 0 |a Naturaleza jurídica  |9 371885 
583 |a last modification  |c 20070803 00:00:00  |k Rodrigo Vera 
999 |c 326761  |d 326759 
952 |0 0  |1 0  |4 0  |6 346_864400000000000_NOB_2004  |7 0  |8 A  |9 408886  |a BIBDER  |b BIBDER  |d 2019-11-22  |i 4360184  |o 346.8644 NOB 2004  |p 4360184  |r 2023-01-25  |w 2019-11-22  |y BK  |k DER